Textbook Of Rehabilitation / (رقم التسجيلة. 21477)

تفاصيل مارك
000 -الفاتح
حقل البيانات ثابتة الطول 01049cam a22003257a 4500
001 - رقم الضبط
رقم الضبط 14055506
003 - محدد رقم الضبط
رقم الضبط OSt
005 - وقت وتاريخ اخر تعامل مع التسجيلة
رقم الضبط 20150408114014.0
008 - عناصر البيانات ثابتة الطول - معلومات عامة
حقل البيانات ثابتة الطول 050728s2005 enka bf 001 0 eng
010 ## - رقم ضبط مكتبة الكونجرس
رقم ضبط مكتبة الكونجرس 2005279660
016 7# - رقم ضبط الوكاله الوطنية للضبط الببليوجرافي
رقم ضبط التسجيلة 101239906
المصدر DNLM
020 ## - الرقم الدولى المعيارى للكتب
الرقم الدولى المعيارى للكتاب 9788184487114
035 ## - رقم ضبط النظام
رقم ضبط النظام (OCoLC)ocm57486405
040 ## - مصدر الفهرسة
وكالة الفهرسة الأصلية NLM
وكالة النسخ NLM
وكالة التعديل UKM
-- TXH
-- DLC
042 ## - رمز التحقق
رمز التحقق nlmcopyc
-- lccopycat
050 00 - رقم طلب مكتبة الكونجرس
رقم التصنيف RM930
رقم المادة .B37 2005
060 00 - رقم الطلب بالمكتبة الطبية الوطنية
رقم التصنيف 2005 D-210
060 10 - رقم الطلب بالمكتبة الطبية الوطنية
رقم التصنيف WB 39
رقم المادة B261o 2005
082 04 - رقم تصنيف ديوى العشرى
رقم التصنيف 617.03
رقم الطبعة 22
100 1# - المدخل الرئيسى - إسم شخصى
الإسم الشخصى SUNDER .S
9 (RLIN) 10791
245 10 - بيان العنوان
العنوان Textbook Of Rehabilitation /
بيان المسئوليه,etc S. SUNDER
260 ## - PUBLICATION, DISTRIBUTION, ETC. (IMPRINT)
مكان الناشر او الموزع Oxford ;
-- New York :
اسم الناشر او الموزع Oxford University Press,
تاريخ النشر أو التوزيع 2005.
300 ## - الوصف المادى
التعداد xv, 540 p. :
تفاصيل ماديه اخرى للوعاء ill. ;
أبعاد الوعاء 24 cm.
440 #0 - بيان السلسلة/مدخل إضافى-العنوان
العنوان Oxford medical publications
9 (RLIN) 5515
504 ## - تبصرة ببليوجرافية
تبصرة ببليوجرافية,الخ Includes bibliographical references and index.
650 #0 - المدخل الاضافى بالموضوع-مصطلح موضوعى
مصطلح موضوعي أو اسم جغرافي كعنصر مدخل Medical rehabilitation
التقسيم الفرعي الشكلي Handbooks, manuals, etc.
9 (RLIN) 10792
650 12 - المدخل الاضافى بالموضوع-مصطلح موضوعى
مصطلح موضوعي أو اسم جغرافي كعنصر مدخل Rehabilitation
التقسيم الفرعي الشكلي Handbooks.
9 (RLIN) 10793
942 ## - عناصر المدخل الإضافي( كوها)
مصدر التصنيف او مخطط الترفيف Dewey Decimal Classification
Koha [default] item type كتاب
المقتنيات
حالة الفقد نموذج السعر الفعال حالة تلف ليس للاعارة رقم الطلب تاريخ الاكتساب الموقع الحالي الباركود الفرع الرئيسي Date last seen نوع المادة فى نظام كوها مصدر التصنيف او خطة الترفيف Total Checkouts
  2013-03-10     617.03 S S T 2012-04-12 مكتبة كلية العلوم الطبية التطبيقية بالمجمعة - طالبات (AMF) 00076758 مكتبة كلية العلوم الطبية التطبيقية بالمجمعة - طالبات (AMF) 2013-03-10 كتاب Dewey Decimal Classification